Lobbing - to je ale biznis

Definícia lobbingu. Lobbing v Európskej únii. Chýbajúci zákon v SR a v EÚ. Diplomacia, manipulácia a presviedčanie. Korektný a nekorektný lobbing. Ceny lobbingu v EÚ.

Saved in:
Bibliographic Details
Main Author: Burák, Emil
Format: Book Chapter
Language:Slovak
Subjects:
Tags: Add Tag
No Tags, Be the first to tag this record!

MARC

LEADER 00000naa a2200000 4500
001 0124399
005 20231006123636.1
041 0 |a slo 
044 |a SK 
245 1 0 |a Lobbing - to je ale biznis  |c Emil Burák 
520 |a Definícia lobbingu. Lobbing v Európskej únii. Chýbajúci zákon v SR a v EÚ. Diplomacia, manipulácia a presviedčanie. Korektný a nekorektný lobbing. Ceny lobbingu v EÚ. 
610 2 0 |a lobizmus 
610 2 0 |a Európska únia 
610 2 0 |a záujmy verejné 
610 2 0 |a skupiny záujmové 
610 2 0 |a Slovensko 
100 1 |a Burák, Emil